000 00302nam a22001337a 4500
008 180920b xxu||||| |||| 00| 0 eng d
020 _a9780131936324
041 _aeng
080 _26th
_a338
100 _a53
101 _aMEN
245 _aFoodservice Organizations
_cGregoire,M,B
942 _2udc
_cBK
999 _c48128
_d48128